Responses for show #7673 - Wednesday, January 10, 2018

Gilbert Collins game 1.

Contestants

[<< previous game]

Flora Leen, a proofreader and editor from Studio City, California

Gilbert Collins, a university administrator from Princeton, New Jersey

Lindsay Resnick, an archivist from Atlanta, Georgia (whose 1-day cash winnings total $10,001)

[next game >>]

Jeopardy! Round responses

YOU ARE NOW ENTERING THE TWILIGHT ZONE
MAPPING OUT ASIA
A CLUE OF GAME
HIS WIDOW LIVED ON
LETHAL WEAPON
"HAND" IT OVER
    $200 16
William Shatner

Lindsay
    $200 2
North and South Korea

Gilbert
    $200 5
an ace

Flora
    $200 13
Custer

Gilbert
    $200 12
(Gilbert: What is napalm?)

a flamethrower

LindsayGilbert
    $200 1
handwriting

Flora
    $400 22
the Brahms "Lullaby"

Gilbert
    $400 3
Tehran

Flora
    $400 19
musical chairs

Triple Stumper
    $400 14
Brigham Young

Gilbert
    $400 8
a handbasket

Gilbert
    $600 23
(Lindsay: What is time?)
...
(Alex: We have less than a minute now.)

mind

Lindsay
Triple Stumper
    $600 4
K2

Lindsay
    $600 20
sudoku

Gilbert
    $600 15
(Lindsay: Who is Ritchie Valens?)

Buddy Holly

Lindsay
Triple Stumper
    $600 9
your handicap

Lindsay
    $800 24
Robert Redford

Triple Stumper
    $800 6
the Yangtze

Gilbert
    $800 21
six

Flora
    $1,800 17
(Lindsay: Who is William McKinley?)

James Garfield

Lindsay
    $800 26
(Gilbert: What's a cane?)
...
[The end-of-round signal sounds.]

a shillelagh

LindsayGilbert
    $800 10
W.C. Handy

Lindsay
    $1000 7
Laos

Gilbert
    $1000 18
Anne Morrow Lindbergh

Triple Stumper
    $1000 25
a pineapple

Lindsay
    $1000 11
a handrail

Gilbert

Scores at the first commercial break (after clue 15):

Lindsay Gilbert Flora
$1,600 $3,800 $800

Scores at the end of the Jeopardy! Round:

Lindsay Gilbert Flora
$1,200 $4,000 $1,600

Double Jeopardy! Round responses

HISTORY TIME
(Alex: You have to give us their professional names as we deal with...)
REAL NAMES ON THE MARQUEE
21st CENTURY FICTION
PUTTING UP A SMOKE SCREEN
DOUBLE TALK
JOBFUSCATION
    $400 10
the Gold Rush

Gilbert
    $400 16
(Gilbert: What is Tom Cruise and Jack Nicholson?)

Tom Cruise and Demi Moore

GilbertFlora
    $400 21
(Stieg) Larsson

Flora
    $400 23
secondhand smoke

Flora
    $400 6
Baden-Baden

Lindsay
    $400 1
by refrigeration

Lindsay
    $800 11
William of Orange

Gilbert
    $800 17
Geena Davis and Susan Sarandon

Gilbert
    $800 22
Gone Girl

Gilbert
    $800 24
pheromones

Flora
    $800 7
a Chow Chow

Lindsay
    $800 2
cross-check

Gilbert
    $1200 12
Sacagawea

Lindsay
    $1200 18
Doris Day and Rock Hudson

Flora
    $1200 28
(Flora: What is Like Water for Chocolate?)
...
[The end-of-round signal sounds.]

Water for Elephants

LindsayFlora
    $1200 25
(Alex: Less than a minute now.)

the white smoke

Flora
    $1200 8
matchy-matchy

Triple Stumper
    $1200 3
a dishwasher

Lindsay
    $3,000 14
(Flora: French and Indian War.)

the Spanish Civil War

Flora
    $1600 19
Charles Bronson and James Garner

Triple Stumper
    $1600 26
the Great Wall of China

Flora
    $1600 9
Humbert Humbert

Flora
    $1600 4
the hardware or the software

Triple Stumper
    $2000 15
Pakistan

Gilbert
    $2000 20
Maggie Smith and Michael Caine

Triple Stumper
    $2000 27
(Lindsay: Who is Theodore Roosevelt?)

Warren Harding

Lindsay
Triple Stumper
    $2000 13
beriberi

Flora
    $2000 5
architecture

Gilbert

Scores at the end of the Double Jeopardy! Round:

Lindsay Gilbert Flora
$4,400 $11,200 $7,000

[wagering suggestions for these scores]

Final Jeopardy! Round responses

SENATORS
LindsayWho are Warren and ??? :(
$4,399
FloraWho are Warren V
$4,300
GilbertWho are Kerry Aiken + Kaine
$2,801
Elizabeth Warren and Mark Warner

Final scores:

Lindsay Gilbert Flora
$1 $8,399 $2,700
3rd place: $1,000 New champion: $8,399 2nd place: $2,000

Game dynamics:

Coryat scores:

Lindsay Gilbert Flora
$6,200 $11,200 $10,000
13 R,
4 W
(including 1 DD)
16 R,
3 W
13 R,
2 W
(including 1 DD)

Combined Coryat: $27,400

The J! Archive is created by fans, for fans. The Jeopardy! game show and all elements thereof, including but not limited to copyright and trademark thereto, are the property of Jeopardy Productions, Inc. and are protected under law. This website is not affiliated with, sponsored by, or operated by Jeopardy Productions, Inc. Join the discussion at JBoard.tv.